000 00604 a2200193 4500
999 _c7005
_d7005
020 _a9780340804889
050 _aBL31AHL2008
100 _aAhluwalia , Libby
_eauthor
245 _aConnections :
_ba complete course for Key Stage 3 religious studies. Book C /
_cLibby Ahluwalia [et...al]
264 _aLondon :
_bHodder & Stoughton Educational,
_c2002
300 _a67p. :
500 _aincludes index
650 _aMoral education.
700 _aLovelace Ann
_eauthor
700 _aMayled Jon
_eauthor
700 _aWalker Joe
_dauthor
700 _aWhite Joy
_eauthor
942 _2lcc
_cBK
_h31
_iAHL
_kBL